000 00303nam a2200121Ia 4500
008 231129s1984||||xx |||||||||||||| ||spa||
082 _a614.19 C828j
100 _aCortes Caballero Carlos.
245 0 _aJuristas y medicina
260 _c1984
264 _aBucaramanga : Pieschacón
942 _2ddc
_cBKS
999 _c16291
_d16291